000
00192nam a2200085 4500
001
1258895
005
20260402100638.0
245
_a
ANANAS KOKULU MASALLAR
_c
KOMİSYON
260
_b
YAKAMOZ YAYINLARI
999
_c
1258895
_d
1258895